El abc de la capacitación: formar equipos para el éxito (Registro nro. 5210)

Detalles MARC
000 -Cabecera
Campo de control de longitud fija 00854aam a2200301 4500
005 - Fecha y hora de la última transacción
Campo de control 20250813161853.0
008 - Elementos de longitud fija--Información general
Campo de control de longitud fija 150507b2007 xxu||||| |||| 00| 0 spa d
020 ## - International Standard Book Number
Número Internacional Estándar del Libro (ISBN) 9789876120821
041 ## - Idioma
Código de idioma Español
082 ## - Clasificación Decimal Dewey
Número de clasificación 658.409.2 M465a
100 ## - Entrada principal--Autor personal
Nombre personal Maxwell, John C
245 ## - Título propiamente dicho
Título El abc de la capacitación: formar equipos para el éxito
260 ## - Pie de imprenta
Lugar de publicación, distribución, etc. Argentina
260 ## - Pie de imprenta
Nombre del editor, distribuidor, etc. V&R Editoras
260 ## - Pie de imprenta
Fecha de publicación, distribución, etc. 2007
300 ## - Descripción física
Extensión 119 páginas
490 ## - Serie
Título de la Serie Dirección y Administración de empresas
650 ## - Materia general
Temática (materia general) LIDERAZGO EJECUTIVO
650 ## - Materia general
Temática (materia general) CAPACITACIÓN PARA EL ÉXITO
650 ## - Materia general
Temática (materia general) PERSONAS IDONEAS
650 ## - Materia general
Temática (materia general) LÍDER
650 ## - Materia general
Temática (materia general) CAPACITACIÓN DE PERSONAS
650 ## - Materia general
Temática (materia general) ÉXITO
650 ## - Materia general
Temática (materia general) CÓMO RECONOCER UN LÍDER EN POTENCIA
650 ## - Materia general
Temática (materia general) CÓMO RECONOCER AQUIEN CAPACITAR
650 ## - Materia general
Temática (materia general) CAPACITAR A UN LÍDER
942 ## - Punto de acceso adicional KOHA
Tipo de ítem KOHA Libro
Fuente del sistema de clasificación o colocación Dewey Decimal Classification
Existencias
Signatura completa Código de barras Programa Académico Tipo de ítem
658.409.2 A465a 14242 Dirección y Administración de Empresas Libro